[Event "AUT-chT2O 0910"]
[Site "Austria"]
[Date "2010.04.18"]
[Round "11.5"]
[White "Pachta, Paul"]
[Black "Bachofner, Andreas"]
[Result "1/2-1/2"]
[WhiteElo "2275"]
[BlackElo "2229"]
[PlyCount "108"]
[EventDate "2009.10.17"]
[EventType "team-tourn"]
[EventRounds "11"]
[EventCountry "AUT"]
[SourceTitle "EXT 2011"]
[Source "ChessBase"]
[SourceDate "2010.11.26"]
[SourceVersion "1"]
[SourceVersionDate "2010.11.26"]
[SourceQuality "1"]
[WhiteTeam "Wieden"]
[BlackTeam "Nickelsdorf"]
[WhiteTeamCountry "AUT"]
[BlackTeamCountry "AUT"]

1. Nf3 f5 2. d3 d6 3. e4 e5 4. Nc3 Nf6 5. exf5 Bxf5 6. d4 e4 7. Nh4 Bd7 8. Qe2 Bc6 9. d5 Nxd5 10. Qh5+ g6 11. Nxg6 Nf6 12. Qh3 Rg8 13. Nxf8 Rxf8 14. Bh6 Rf7 15. Bc4 d5 16. Qe6+ Qe7 17. Qc8+ Qd8 18. Qxd8+ Kxd8 19. Rd1 Rd7 20. Bg5 dxc4 21. Bxf6+ Ke8 22. 0-0 Kf7 23. Bh4 b5 24. Bg3 Rxd1 25. Rxd1 Na6 26. Rd4 Re8 27. a4 b4 28. Nb5 Rb8 29. Rxc4 Bxb5 30. axb5 Rxb5 31. Bxc7 b3 32. Bf4 bxc2 33. Rxc2 Rb7 34. Kf1 Nb4 35. Rc7+ Rxc7 36. Bxc7 Ke6 37. Ba5 Nd5 38. Bd2 Ke5 39. Ke2 a6 40. f3 Kd4 41. fxe4 Kxe4 42. g3 Nf6 43. Bc3 Nd5 44. Bg7 Ne7 45. Bf6 Nd5 46. Bg5 a5 47. b3 a4 48. bxa4 Nc3+ 49. Kf2 Nxa4 50. g4 Nc5 51. Kg3 h5 52. Be7 Ne6 53. g5 Kf5 54. Kh4 Kg6 1/2-1/2

[Event "Vienna"]
[Site "Vienna"]
[Date "2008.08.16"]
[Round "1"]
[White "Neubauer, Martin"]
[Black "Pachta, Paul"]
[Result "1/2-1/2"]
[WhiteElo "2457"]
[BlackElo "2312"]
[PlyCount "62"]
[EventDate "2008.08.16"]
[EventType "tourn"]
[EventRounds "9"]
[EventCountry "AUT"]
[EventCategory "8"]
[SourceTitle "CBM 125 Extra"]
[Source "ChessBase"]
[SourceDate "2008.09.01"]
[SourceVersion "1"]
[SourceVersionDate "2008.09.01"]
[SourceQuality "1"]

1. d4 Nf6 2. Nf3 e6 3. c4 b6 4. g3 Ba6 5. Qc2 Bb4+ 6. Bd2 Bxd2+ 7. Nbxd2 Bb7 8. e4 d6 9. Bg2 Qe7 10. 0-0 e5 11. d5 0-0 12. b4 c6 13. Rfc1 Rc8 14. Qb2 Nbd7 15. Ne1 b5 16. dxc6 Bxc6 17. cxb5 Bxb5 18. Nc2 Nb6 19. Ne3 Qe6 20. Qb3 Rxc1+ 21. Rxc1 Rc8 22. Rxc8+ Qxc8 23. Qc2 Qxc2 24. Nxc2 d5 25. exd5 Nfxd5 26. a3 f6 27. Bf1 Nc3 28. Bxb5 Nxb5 29. Kf1 Kf7 30. Ke2 Ke6 31. Kd3 f5 1/2-1/2

[Event "AUT-ch"]
[Site "Leoben"]
[Date "2008.07.22"]
[Round "4"]
[White "Binder, Michael"]
[Black "Pachta, Paul"]
[Result "1/2-1/2"]
[WhiteElo "2127"]
[BlackElo "2312"]
[PlyCount "24"]
[EventDate "2008.07.19"]
[EventType "swiss"]
[EventRounds "9"]
[EventCountry "AUT"]
[SourceTitle "CBM 125 Extra"]
[Source "ChessBase"]
[SourceDate "2008.09.01"]
[SourceVersion "1"]
[SourceVersionDate "2008.09.01"]
[SourceQuality "1"]

1. d4 Nf6 2. c4 e6 3. Nc3 c5 4. d5 d6 5. e4 g6 6. Nf3 exd5 7. cxd5 a6 8. a4 Bg4 9. Be2 Bg7 10. 0-0 0-0 11. Bf4 Re8 12. Nd2 Nh5 1/2-1/2

[Event "AUT-chT2O 0708"]
[Site "Austria"]
[Date "2008.03.15"]
[Round "10.3"]
[White "Ganaus, Hannes"]
[Black "Pachta, Paul"]
[Result "1/2-1/2"]
[WhiteElo "2294"]
[BlackElo "2288"]
[PlyCount "90"]
[EventDate "2007.10.20"]
[EventType "team"]
[EventRounds "11"]
[EventCountry "AUT"]
[SourceTitle "EXT 2009"]
[Source "ChessBase"]
[SourceDate "2008.11.26"]
[SourceVersion "1"]
[SourceVersionDate "2008.11.26"]
[SourceQuality "1"]
[WhiteTeam "Eichgraben"]
[BlackTeam "Wieden"]
[WhiteTeamCountry "AUT"]
[BlackTeamCountry "AUT"]

1. d4 Nf6 2. c4 e6 3. Nc3 Bb4 4. e3 c5 5. a3 Bxc3+ 6. bxc3 0-0 7. Bd3 d5 8. cxd5 exd5 9. Ne2 Bg4 10. f3 Bh5 11. Nf4 Re8 12. 0-0 Bg6 13. Nxg6 hxg6 14. a4 Nc6 15. Re1 Rc8 16. Rb1 Na5 17. Ba3 cxd4 18. cxd4 b6 19. Rc1 Nc4 20. Bxc4 dxc4 21. e4 Qd7 22. Bb2 Red8 23. Bc3 Ne8 24. Qc2 Nc7 25. Rcd1 Ne6 26. g3 Ng5 27. Rf1 Re8 28. d5 f6 29. h4 Nf7 30. Kg2 a6 31. f4 Nd6 32. Rfe1 Qg4 33. Rb1 g5 34. Bb4 Nf7 35. hxg5 fxg5 36. Qe2 Qd7 37. Bc3 gxf4 38. gxf4 Nd6 39. Qf3 Qxa4 40. Rxb6 Nxe4 41. Be5 Nf6 42. Rxf6 gxf6 43. Qg4+ Kf8 44. Bd6+ Kf7 45. Qh5+ Kg7 1/2-1/2

[Event "AUT-ch"]
[Site "Tweng"]
[Date "2007.08.??"]
[Round "4"]
[White "Holzer, Gerhard"]
[Black "Pachta, Paul"]
[Result "0-1"]
[WhiteElo "2254"]
[BlackElo "2266"]
[PlyCount "66"]
[EventDate "2007.08.??"]
[EventType "swiss"]
[EventRounds "9"]
[EventCountry "AUT"]
[SourceTitle "CBM 119 Extra"]
[Source "ChessBase"]
[SourceDate "2007.09.04"]
[SourceVersion "1"]
[SourceVersionDate "2007.09.04"]
[SourceQuality "1"]

1. c4 e5 2. Nc3 Nc6 3. Nf3 g6 4. d4 exd4 5. Nxd4 Bg7 6. Nxc6 bxc6 7. e4 Qe7 8. Bd3 Nf6 9. 0-0 0-0 10. Bf4 d6 11. Qd2 Re8 12. Rae1 Nd7 13. Bh6 Bh8 14. Bg5 f6 15. Bh4 Nc5 16. Bc2 Qf7 17. b3 Be6 18. Re3 Bg7 19. f4 Rad8 20. Qf2 Bc8 21. Ne2 Rf8 22. Rf3 Rde8 23. e5 Bg4 24. Rg3 Bxe2 25. Qxe2 fxe5 26. f5 e4 27. b4 Bd4+ 28. Kh1 Nd3 29. Bxd3 exd3 30. Qxd3 Qxf5 31. Qxf5 Rxf5 32. Rd1 Bf2 33. Rg4 Be1 0-1

[Event "AUT-chT2O 0607"]
[Site "Austria"]
[Date "2007.04.14"]
[Round "10.2"]
[White "Janetschek, Karl"]
[Black "Pachta, Paul"]
[Result "0-1"]
[WhiteElo "2289"]
[BlackElo "2300"]
[PlyCount "60"]
[EventDate "2006.10.06"]
[EventType "team-tourn"]
[EventRounds "11"]
[EventCountry "AUT"]
[SourceTitle "EXT 2007"]
[Source "ChessBase"]
[SourceDate "2006.11.23"]
[SourceVersion "1"]
[SourceVersionDate "2006.11.23"]
[SourceQuality "1"]
[WhiteTeam "Zwettl"]
[BlackTeam "Wieden Aljechin"]
[WhiteTeamCountry "AUT"]
[BlackTeamCountry "AUT"]

1. e4 c5 2. Nf3 d6 3. d4 cxd4 4. Nxd4 Nf6 5. Nc3 g6 6. Be3 Bg7 7. f3 a6 8. Qd2 h5 9. Bc4 b5 10. Bd5 Nxd5 11. exd5 Bb7 12. 0-0 Nd7 13. Nc6 Bxc6 14. dxc6 Ne5 15. Nd5 Nc4 16. Qe2 e6 17. b3 Nxe3 18. Qxe3 Kf8 19. c7 Qh4 20. Rad1 exd5 21. Rxd5 Qe7 22. Qb6 Rc8 23. Qxa6 Qxc7 24. Qxb5 Bc3 25. Rfd1 Rd8 26. Qd3 Kg7 27. Rxd6 Bf6 28. c4 Qc5+ 29. Kf1 Qe5 30. g3 h4 0-1

[Event "AUT-ch U18"]
[Site "Bad Ischl"]
[Date "2007.03.31"]
[Round "1"]
[White "Pachta, Paul"]
[Black "Klocker, Benedikt"]
[Result "0-1"]
[WhiteElo "2256"]
[BlackElo "2008"]
[PlyCount "100"]
[EventDate "2007.03.31"]
[EventType "swiss"]
[EventRounds "7"]
[EventCountry "AUT"]
[SourceTitle "EXT 2008"]
[Source "ChessBase"]
[SourceDate "2007.11.25"]
[SourceVersion "1"]
[SourceVersionDate "2007.11.25"]
[SourceQuality "1"]

1. e4 c5 2. Nf3 d6 3. d4 cxd4 4. Nxd4 Nf6 5. Nc3 g6 6. Be3 Bg7 7. f3 0-0 8. Qd2 Nc6 9. 0-0-0 d5 10. Nxc6 bxc6 11. Bh6 Be6 12. Bxg7 Kxg7 13. e5 Nd7 14. h4 h5 15. g4 hxg4 16. fxg4 Bxg4 17. Re1 e6 18. Qf4 Bh5 19. Ne2 Qa5 20. Nc3 Rab8 21. a3 Qc5 22. Na4 Qe7 23. Rg1 f6 24. Be2 Bxe2 25. Rxe2 fxe5 26. Qg3 Rf6 27. h5 Rh8 28. Rh2 Rh6 29. Qe3 Qf8 30. Qe2 Rf5 31. Nc3 Qf6 32. Nd1 Rg5 33. Rf2 Qe7 34. hxg6 Rhxg6 35. Rh1 Rg1 36. Rh5 R6g5 37. Rh3 Rf5 38. Rg2+ Rxg2 39. Qxg2+ Qg5+ 40. Qxg5+ Rxg5 41. Rc3 c5 42. Rb3 Nb6 43. Rb5 c4 44. Ra5 d4 45. Rxa7+ Kf6 46. Rc7 Rg1 47. Kd2 Rg2+ 48. Kc1 Rg1 49. Kd2 e4 50. c3 e3+ 0-1

[Event "AUT-chT2O 0607"]
[Site "Austria"]
[Date "2007.03.11"]
[Round "9.2"]
[White "Pachta, Paul"]
[Black "Steiner, Bruno"]
[Result "1-0"]
[WhiteElo "2300"]
[BlackElo "2259"]
[PlyCount "59"]
[EventDate "2006.10.06"]
[EventType "team-tourn"]
[EventRounds "11"]
[EventCountry "AUT"]
[SourceTitle "EXT 2007"]
[Source "ChessBase"]
[SourceDate "2006.11.23"]
[SourceVersion "1"]
[SourceVersionDate "2006.11.23"]
[SourceQuality "1"]
[WhiteTeam "Wieden Aljechin"]
[BlackTeam "Neustaedt SV"]
[WhiteTeamCountry "AUT"]
[BlackTeamCountry "AUT"]

1. d4 d5 2. c4 e6 3. Nc3 Nf6 4. Bg5 Be7 5. e3 0-0 6. Nf3 Nbd7 7. Rc1 c6 8. Qc2 Re8 9. a3 a6 10. h3 dxc4 11. Bxc4 b5 12. Bd3 h6 13. Bh4 c5 14. Bxf6 Bxf6 15. Ne4 cxd4 16. exd4 Nb6 17. Qc6 Be7 18. Nc5 Ra7 19. Qe4 f5 20. Qe2 Bf6 21. 0-0 Bxd4 22. Nxd4 Qxd4 23. Bxf5 Nc4 24. Bg6 Rf8 25. Nxe6 Bxe6 26. Qxe6+ Kh8 27. Bb1 Nd2 28. Rc8 Raf7 29. Qxf7 Rxc8 30. Qf5 1-0

[Event "AUT-chT2O 0607"]
[Site "Austria"]
[Date "2007.01.20"]
[Round "6.2"]
[White "Kremsner, Andreas"]
[Black "Pachta, Paul"]
[Result "1/2-1/2"]
[WhiteElo "2214"]
[BlackElo "2300"]
[PlyCount "38"]
[EventDate "2006.10.06"]
[EventType "team-tourn"]
[EventRounds "11"]
[EventCountry "AUT"]
[SourceTitle "EXT 2007"]
[Source "ChessBase"]
[SourceDate "2006.11.23"]
[SourceVersion "1"]
[SourceVersionDate "2006.11.23"]
[SourceQuality "1"]
[WhiteTeam "Wulkaprodersdorf"]
[BlackTeam "Wieden Aljechin"]
[WhiteTeamCountry "AUT"]
[BlackTeamCountry "AUT"]

1. d4 Nf6 2. Nf3 e6 3. g3 b6 4. Bg2 Bb7 5. 0-0 Be7 6. c4 0-0 7. Nc3 Ne4 8. Bd2 f5 9. d5 Bf6 10. Rc1 Na6 11. Qc2 Nd6 12. Bf4 Nxc4 13. dxe6 dxe6 14. Qb3 Nd6 15. Qxe6+ Kh8 16. Bxd6 cxd6 17. Rfd1 Nc5 18. Qxd6 Qe8 19. Qf4 Ne4 1/2-1/2

[Event "Donau op 15th"]
[Site "Aschach"]
[Date "2006.12.29"]
[Round "5"]
[White "Winiwarter, Felix"]
[Black "Pachta, Paul"]
[Result "0-1"]
[WhiteElo "2175"]
[BlackElo "2237"]
[PlyCount "68"]
[EventDate "2006.12.26"]
[EventType "swiss"]
[EventRounds "7"]
[EventCountry "AUT"]
[SourceTitle "EXT 2008"]
[Source "ChessBase"]
[SourceDate "2007.11.25"]
[SourceVersion "1"]
[SourceVersionDate "2007.11.25"]
[SourceQuality "1"]

1. e4 c5 2. Nf3 d6 3. d4 cxd4 4. Nxd4 Nf6 5. Nc3 g6 6. Be3 Bg7 7. Be2 0-0 8. 0-0 Nc6 9. Nb3 Be6 10. f4 Qc8 11. Kh1 Bg4 12. Bxg4 Qxg4 13. Qd2 Qe6 14. f5 Qc4 15. Bh6 Nxe4 16. Nxe4 Qxe4 17. Bxg7 Kxg7 18. Rf4 Qe5 19. Re1 Qxb2 20. Rh4 Kg8 21. Nd4 h5 22. Qh6 Ne5 23. h3 Ng4 24. Rxg4 hxg4 25. fxg6 fxg6 26. Qxg6+ Kh8 27. Qh6+ Kg8 28. Qg5+ Kh8 29. Qh4+ Kg8 30. Qxg4+ Kh8 31. Qh5+ Kg8 32. Qg5+ Kh8 33. Rxe7 Rf1+ 34. Kh2 Qxd4 0-1

[Event "Donau op 15th"]
[Site "Aschach"]
[Date "2006.12.27"]
[Round "3"]
[White "Testor, Sebastian"]
[Black "Pachta, Paul"]
[Result "0-1"]
[WhiteElo "2233"]
[BlackElo "2237"]
[PlyCount "160"]
[EventDate "2006.12.26"]
[EventType "swiss"]
[EventRounds "7"]
[EventCountry "AUT"]
[SourceTitle "EXT 2008"]
[Source "ChessBase"]
[SourceDate "2007.11.25"]
[SourceVersion "1"]
[SourceVersionDate "2007.11.25"]
[SourceQuality "1"]

1. d4 Nf6 2. c4 e6 3. Nf3 b6 4. a3 Bb7 5. Nc3 d5 6. cxd5 Nxd5 7. e3 Nd7 8. Bd3 c5 9. Nxd5 exd5 10. 0-0 Bd6 11. b3 0-0 12. Bb2 Qe7 13. Qe2 Rae8 14. Rfd1 f5 15. Bb5 f4 16. Ne5 Bxe5 17. dxe5 a6 18. Bxa6 f3 19. gxf3 Bxa6 20. Qxa6 Rxf3 21. Qb7 Kh8 22. Qxd5 Qg5+ 23. Kh1 Rxf2 24. Rg1 Qh5 25. Rg2 Nf6 26. Qb7 Ng4 27. e6 Rg8 28. e7 Rxg2 29. Qxg2 Nxe3 30. Qe4 Nd1 31. Qg2 Nxb2 32. Qxb2 Qd5+ 33. Qg2 Qe5 34. Rf1 Qxe7 35. Qd5 Rf8 36. Rxf8+ Qxf8 37. Kg2 h6 38. a4 Qf6 39. Kg3 Kh7 40. h4 Qc3+ 41. Kg4 Qb4+ 42. Kg3 Qe1+ 43. Kg4 Qe2+ 44. Kg3 Qe7 45. Qf5+ g6 46. Qd5 Kg7 47. Kg2 h5 48. Qc4 Qb7+ 49. Kg1 Qc6 50. Qa6 Qe6 51. Qb5 Qe1+ 52. Kg2 Qe6 53. Kg1 Kf6 54. Kf1 Qd6 55. Ke2 Kf5 56. Kf3 Qd1+ 57. Kf2 Qd4+ 58. Kg2 Qg4+ 59. Kf1 Qf3+ 60. Kg1 Qg3+ 61. Kf1 Qd6 62. Kg2 Kg4 63. Qc4+ Qf4 64. Qe6+ Kxh4 65. Qxb6 Qe4+ 66. Kf2 Qd4+ 67. Ke2 g5 68. a5 g4 69. a6 g3 70. a7 Qf2+ 71. Kd1 g2 72. Qd8+ Kh3 73. Qd7+ Kh2 74. Qd6+ Qg3 75. Qd2 Qf3+ 76. Kc2 Kh1 77. Qd8 g1Q 78. a8Q Qgg2+ 79. Kc1 Qff1+ 80. Qd1 Qxd1+ 0-1

[Event "EU-ch U16"]
[Site "Herceg Novi"]
[Date "2006.09.17"]
[Round "7"]
[White "Inants, Aghasi"]
[Black "Pachta, Paul"]
[Result "0-1"]
[WhiteElo "2178"]
[BlackElo "2331"]
[PlyCount "84"]
[EventDate "2006.09.10"]
[EventType "swiss"]
[EventRounds "9"]
[EventCountry "MNE"]
[SourceTitle "CBM 114 Extra"]
[Source "ChessBase"]
[SourceDate "2006.11.03"]
[SourceVersion "1"]
[SourceVersionDate "2006.11.03"]
[SourceQuality "1"]

1. e4 c5 2. Nf3 d6 3. d4 cxd4 4. Nxd4 Nf6 5. Nc3 a6 6. Bc4 e6 7. Bb3 b5 8. Bg5 Bb7 9. Qf3 Nbd7 10. 0-0-0 Nc5 11. Rhe1 Be7 12. Qh3 Nfxe4 13. Bxe7 Qxe7 14. Nxe4 Bxe4 15. f3 Nxb3+ 16. axb3 Bd5 17. Nf5 Qg5+ 18. Kb1 0-0 19. Nxd6 Rfd8 20. Ne4 Bxe4 21. fxe4 Rd2 22. Rxd2 Qxd2 23. Rc1 Qf4 24. Re1 Rd8 25. g3 Qd2 26. Rc1 Qe2 27. Qh4 f6 28. Qf4 Qxh2 29. e5 f5 30. Qb4 Qd2 31. Qc5 Qd4 32. Qc7 h6 33. Ka2 Kh7 34. Re1 Qd2 35. Rf1 Qd5 36. Re1 a5 37. c4 bxc4 38. bxc4 Qd2 39. Rf1 a4 40. Qc6 Rb8 41. Rb1 a3 42. Kxa3 Qb4+ 0-1

[Event "Stare Mesto op"]
[Site "Stare Mesto"]
[Date "2006.08.15"]
[Round "6"]
[White "Hrabusa, Matej"]
[Black "Pachta, Paul"]
[Result "1-0"]
[WhiteElo "2192"]
[BlackElo "2331"]
[PlyCount "58"]
[EventDate "2006.08.11"]
[EventType "swiss"]
[EventRounds "10"]
[EventCountry "CZE"]
[SourceTitle "CBM 113 Extra"]
[Source "ChessBase"]
[SourceDate "2006.09.14"]
[SourceVersion "1"]
[SourceVersionDate "2006.09.14"]
[SourceQuality "1"]

1. e4 c5 2. Nf3 d6 3. d4 cxd4 4. Nxd4 Nf6 5. Nc3 g6 6. Be3 Bg7 7. f3 0-0 8. Qd2 Nc6 9. 0-0-0 d5 10. exd5 Nxd5 11. Nxc6 bxc6 12. Bd4 e5 13. Bc5 Be6 14. Ne4 Rb8 15. Bc4 Qc8 16. Bxf8 Qxf8 17. Qa5 Qe7 18. Bxd5 Bxd5 19. Rxd5 cxd5 20. Qxd5 Rd8 21. Qc4 Kh8 22. h4 Bh6+ 23. Kb1 Qxh4 24. Qf1 Qf4 25. g3 Qe3 26. Nf6 Rb8 27. b3 Qb6 28. Nd7 Qd6 29. Nxb8 Bg7 1-0

[Event "Stare Mesto op"]
[Site "Stare Mesto"]
[Date "2006.08.13"]
[Round "4"]
[White "Medunova, Vera"]
[Black "Pachta, Paul"]
[Result "0-1"]
[WhiteElo "2172"]
[BlackElo "2331"]
[PlyCount "88"]
[EventDate "2006.08.11"]
[EventType "swiss"]
[EventRounds "10"]
[EventCountry "CZE"]
[SourceTitle "CBM 113 Extra"]
[Source "ChessBase"]
[SourceDate "2006.09.14"]
[SourceVersion "1"]
[SourceVersionDate "2006.09.14"]
[SourceQuality "1"]

1. e4 c5 2. Nf3 d6 3. Bb5+ Nc6 4. d4 cxd4 5. Nxd4 Bd7 6. 0-0 g6 7. c4 Bg7 8. Ne2 a6 9. Ba4 Ne5 10. Na3 Rc8 11. Qb3 Bxa4 12. Qxa4+ Qd7 13. Qb3 Qc6 14. Nc3 Nf6 15. Re1 Nfd7 16. Be3 Nd3 17. Re2 N7c5 18. Bxc5 Nxc5 19. Qc2 Ne6 20. Qd2 0-0 21. Nd5 Rfe8 22. Rd1 Qc5 23. Qb4 Nf4 24. Red2 Nxd5 25. Qxc5 Rxc5 26. cxd5 Ra5 27. Rb1 Rc8 28. f3 b5 29. Kf1 Bxb2 30. Nxb5 Bf6 31. Na7 Rc3 32. Nc6 Ra4 33. Rb7 Kf8 34. Rb8+ Kg7 35. Rb7 Rc1+ 36. Ke2 Bc3 37. Rd3 Re1+ 38. Kf2 Rxa2+ 39. Kg3 Bf6 40. f4 Rxe4 41. Kf3 Ree2 42. g4 Rxh2 43. Re3 Rh3+ 44. Ke4 Ra4+ 0-1

[Event "AUT-ch U16"]
[Site "Tschagguns"]
[Date "2006.04.10"]
[Round "3.4"]
[White "Lampl, Gerald"]
[Black "Pachta, Paul"]
[Result "0-1"]
[WhiteElo "1950"]
[BlackElo "2245"]
[PlyCount "92"]
[EventDate "2006.04.09"]
[EventType "swiss"]
[EventRounds "7"]
[EventCountry "AUT"]
[SourceTitle "EXT 2024"]
[Source "ChessBase"]
[SourceDate "2023.10.10"]
[SourceVersion "1"]
[SourceVersionDate "2023.10.10"]
[SourceQuality "1"]

1. d4 Nf6 2. Nf3 c5 3. c4 e6 4. g3 cxd4 5. Nxd4 Nc6 6. Bg2 Bb4+ 7. Bd2 Qe7 8. Nxc6 bxc6 9. Qa4 Bxd2+ 10. Nxd2 0-0 11. 0-0 a5 12. e4 Ng4 13. Nb3 Ba6 14. Rac1 Rfb8 15. Rfd1 Qf6 16. Rd2 Qh6 17. Rxd7 Rxb3 18. Rcd1 Rbb8 19. Qxc6 Qf6 20. f4 Qxb2 21. R7d2 Qb7 22. Qd6 Qa7+ 23. c5 Rf8 24. Rc1 Ne3 25. Qb6 Qe7 26. Qd6 Qa7 27. Qb6 Qxb6 28. cxb6 Nc4 29. Rd7 Nxb6 30. Rd6 Nc8 31. Rdc6 Ne7 32. Rb6 Bd3 33. Rc7 Ng6 34. f5 Ne5 35. fxe6 fxe6 36. Bh3 Nf3+ 37. Kg2 Bxe4 38. Bxe6+ Kh8 39. Kh3 Rae8 40. Bg4 Ne5 41. Rb5 Ng6 42. Bh5 Bd3 43. Rxa5 Bf1+ 44. Kg4 Re4+ 45. Kg5 h6+ 46. Kxg6 Rf6# 0-1

[Event "AUT-ch U16"]
[Site "Tschagguns"]
[Date "2006.04.09"]
[Round "1.1"]
[White "Klocker, Benedikt"]
[Black "Pachta, Paul"]
[Result "0-1"]
[WhiteElo "2020"]
[BlackElo "2245"]
[PlyCount "92"]
[EventDate "2006.04.09"]
[EventType "swiss"]
[EventRounds "7"]
[EventCountry "AUT"]
[SourceTitle "EXT 2024"]
[Source "ChessBase"]
[SourceDate "2023.10.10"]
[SourceVersion "1"]
[SourceVersionDate "2023.10.10"]
[SourceQuality "1"]

1. d4 Nf6 2. c4 e6 3. Nc3 Bb4 4. e3 c5 5. Bd3 0-0 6. Nf3 d5 7. 0-0 Nc6 8. a3 Bxc3 9. bxc3 Qc7 10. Qc2 dxc4 11. Bxc4 e5 12. Bd3 Bg4 13. Ng5 h6 14. Ne4 Nxe4 15. Bxe4 Na5 16. Rb1 Rab8 17. dxe5 Qxe5 18. c4 Rfe8 19. Bd3 Qg5 20. Kh1 Nc6 21. Bb2 Rbd8 22. Be4 Re6 23. Ba1 b6 24. Bd5 Red6 25. f3 Be6 26. e4 Bxd5 27. cxd5 Ne7 28. a4 Ng6 29. a5 f6 30. axb6 axb6 31. Qa4 Nf4 32. Rg1 Nd3 33. Qc2 Nb4 34. Qc4 Qe3 35. Rge1 Qa3 36. Bb2 Qd3 37. Qxd3 Nxd3 38. Re2 b5 39. Ba1 Ra6 40. Rd2 Ra3 41. Rbd1 c4 42. Bd4 Rc8 43. h3 c3 44. Rc2 Nb4 45. Rcc1 c2 46. Rd2 Rd3 0-1